Quiz sur Gibraltar - Statistiques

Statistiques générales
  • Ce quiz a été pris 61 fois
  • Le résultat moyen est 9 sur 16
Statistiques - réponses
Questions Réponses % Correct
Pays qui a la souveraineté sur Gibraltar Royaume-Uni
98%
Pays qui revendique Gibraltar Espagne
96%
Sport auquel Gibraltar à perdu 14-0 face a la France en Novembre 2023 Football
83%
Monnaie du territoire {Livre} de Gibraltar
80%
Espace de libre échange européen auquel Gibraltar fait parti Espace Schengen
72%
Roi actuel Charles III
70%
L'aéroport est le seul traversé par une... Route
63%
Un quart du PIB du pays est du aux bookmakers en ligne, qui sont spécialisés dans les... Jeux de Hasard
57%
Autre secteur économique du territoire Tourisme
57%
Montagne se situant en plein milieu de la ville {Rocher} de Gibraltar
54%
On y trouve la seule espèce de _____ sauvage d'Europe Singe
52%
Dû a son faible taux d'imposition sur les sociétés, Gibraltar est un... Paradis fiscale
37%
C'est le seul territoire d'Europe non-___________ de l'ONU Décoloniser
17%
Statut de Gibraltar au sein de ce pays Territoire Britannique d'Outre-Mer
15%
Emission diffusé sur M6 et RTL - TVI dont la cérémonie se déroule dans le jardin botanique Mariés au premier regard
13%
Langue créole similaire au spanglish Llanito
7%
Aucun quiz correspondant
Distribution des résultats
% des personnes avec chaque résultat
Percentile par nombre de réponses
Votre historique - résultats
Vous n’avez pas pris ce quiz